000 01048nam a22002777a 4500
001 8688
003 FISKH
005 20260309135715.0
008 251010b cb ||||| |||| 00| 0 eng d
020 _a9781592499946
040 _aFISKH
_beng
_cFISKH
_dFISKH
050 _aGV705.S38
082 _a796
100 _aSchwaeber, Barbie Heit
_eAuthor
245 _aAlphabet of sports :
_bA Smithsonian alphabet book /
_cby Barbie Schwaeber ; Illustrated by David Lowe
260 _aNorwalk :
_bSoundprints ,
_c2008
300 _a35 unnumbered pages :
_bcolor illustrations ;
_c25 cm
505 _aJ
520 _aChoose a sport, any sport and start learning, Children will learn through fun rhymes all about baseball, lacrosse, tennis and much more with this energetic look at sports from A to Z! Perfect for the youngest of sports enthusiasts.
521 8 _a500
_bLexile estimate
521 8 _aJ
_bRaz-Plus
650 _aChildren's book
_vBasketball
700 _aLowe, David
_eIllustrator
942 _2ddc
_cBK
_n0
999 _c8688
_d8688